000 00612nam a22001817a 4500
005 20250811155802.0
008 250811b |||||||| |||| 00| 0 eng d
040 _aKABLIB
_cKABLIB
_erda
082 _223
_a910.09
_bEXP
100 _aGross, Herbert
_914629
245 _aTeacher's guide for exploring regions near and far /
_cHerbert H. Gross, Robert E. Gabler, Alta McIntire.
250 _a3rd ed.
260 _aChicago :
_bFollett Publishing Company,
_cc1964.
300 _a288 p. :
_bill. (some colour) ;
_c26 cm.
500 _aIncludes glossary, index.
650 _aWorld geography
_914630
942 _2ddc
_cBOOK
999 _c5781
_d5781